Províncias de Angola - Statistics

Estatísticas Gerais
  • Esse quiz foi jogado 1 067 vezes
  • A pontuação média é 8 de 18
Respostas no mapa
Respostas codificadas por cores de uma escala verde-vermelha no mapa do quiz de acordo com a % correta abaixo.
 
Estatísticas das Respostas
Província % Correto
Luanda
97%
Cabinda
67%
Benguela
55%
Namibe
47%
Huambo
45%
Lunda Norte
44%
Lunda Sul
44%
Zaire
44%
Cuanza Norte
42%
Cuanza Sul
42%
Malanje
41%
Bié
40%
Huíla
40%
Moxico
40%
Cuando-Cubango
39%
Cunene
39%
Uíge
39%
Bengo
38%
Nenhum quiz correspondente encontrado
Distribuição das Pontuações
Porcentagem de Pessoas com Cada Pontuação
Percentil de Números Respondidos
Sua Pontuação Histórica
Você não jogou esse quiz